ბათუმის შოთა რუსთაველის სახელმწიფო უნივერსიტეტის ბიბლიოთეკა

Ship or Sheep? An intermediate pronunciation course (ბიბ.ჩანაწერი № 49452)

000 -LEADER
fixed length control field 00543nam a2200229Ia 4500
001 - CONTROL NUMBER
control field 16375
003 - CONTROL NUMBER IDENTIFIER
control field GE_BSU
008 - FIXED-LENGTH DATA ELEMENTS--GENERAL INFORMATION
fixed length control field 181216s||||||||xx |||||||||||||| ||und||
020 ## - INTERNATIONAL STANDARD BOOK NUMBER
International Standard Book Number 9780521606714
040 ## - CATALOGING SOURCE
Transcribing agency GE_BSU
100 ## - MAIN ENTRY--PERSONAL NAME
Personal name Baker,Ann
245 ## - TITLE STATEMENT
Title Ship or Sheep? An intermediate pronunciation course
250 ## - EDITION STATEMENT
Edition statement third edition
260 ## - PUBLICATION, DISTRIBUTION, ETC.
Place of publication, distribution, etc. Cambridge
260 ## - PUBLICATION, DISTRIBUTION, ETC.
Name of publisher, distributor, etc. university press
260 ## - PUBLICATION, DISTRIBUTION, ETC.
Date of publication, distribution, etc. 2013
300 ## - PHYSICAL DESCRIPTION
Extent 226p.ill.24cm.
653 ## - INDEX TERM--UNCONTROLLED
Uncontrolled term grammar
653 ## - INDEX TERM--UNCONTROLLED
Uncontrolled term გრამატიკა
942 ## - ADDED ENTRY ELEMENTS (KOHA)
Koha item type წიგნი
ეგზემპლარები
Withdrawn status Lost status Damaged status Not for loan Date acquired Barcode Date last seen Price effective from Koha item type
        2018-12-17 40315 2018-12-17 2018-12-17 წიგნი
        2018-12-17 40316 2018-12-17 2018-12-17 წიგნი
        2018-12-17 40317 2018-12-17 2018-12-17 წიგნი
        2018-12-17 40318 2018-12-17 2018-12-17 წიგნი
        2018-12-17 40319 2018-12-17 2018-12-17 წიგნი
        2018-12-17 40320 2018-12-17 2018-12-17 წიგნი
        2018-12-17 40321 2018-12-17 2018-12-17 წიგნი
        2018-12-17 40323 2018-12-17 2018-12-17 წიგნი
        2018-12-17 40324 2018-12-17 2018-12-17 წიგნი